All NMIXX Songs (until Blue Valentine) - Statistics

General Stats
  • This quiz has been taken 32 times
    21 since last reset
  • The average score is 27 of 47
Answer Stats
Answer % Correct
DICE
100%
Blue Valentine
94%
O.O
94%
DASH
88%
Love Me Like This
88%
Roller Coaster
88%
Tank
88%
KNOW ABOUT ME
82%
Party O’Clock
82%
See that?
82%
Young, Dumb, Stupid
82%
COOL (your rainbow)
76%
High Horse
76%
Soñar (Breaker)
76%
Come On (with Dimitri Vegas, Like Mike)
71%
Phoenix
65%
Reality Hurts
59%
Slingshot (<★)
59%
SPINNIN’ ON IT
59%
ADORE U
53%
BOOM
53%
Funky Glitter Christmas
53%
Golden Recipe
53%
MEXE (with Pabllo Vittar)
53%
Passionfruit
53%
PAXXWORD
53%
PODIUM
53%
Run For Roses
53%
Break The Wall
47%
Crush On You
47%
Game Face
47%
Kiss
47%
Ocean
47%
RICO
47%
XOXO
47%
FEIFEI
41%
Moving On
41%
Papillion
41%
Shape of Love
41%
SICKUHH (ft.Kid Milli)
41%
Hey Gabby!
35%
HOME
35%
Just Did It
35%
Sprinkle Party
35%
Love Is Lonely
29%
My Gosh
29%
Like Magic
24%
No matching quizzes found
Score Distribution
Percent of People with Each Score
Percentile by Number Answered
Your Score History
You have not taken this quiz since the last reset